000 00440nam a2200181Ia 4500
001 2105
005 20260306143817.0
008 260306t2016||||xx |||||||||||||| ||spa||
041 _aESP
082 _a612.8
_bR84
100 _aRose, Hilary
_eAUT
245 0 _a¿Puede la neurociencia cambiar nuestras mentes?
260 _c2016
300 _axii, 100 páginas :
_c24 cm.
650 _aGEN
654 _aCPS
942 _cLIB
_dJUS
_fJUS
_2ddc
_n
999 _c2105
_d2105